000 00741nam a2200205Ia 4500
999 _c36896
_d36896
001 2847
003 GE_BSU
005 20190612142954.0
008 181216s2007||||enk|||||||||||||| ||eng||
020 _a9789994094448
040 _cGE_BSU
041 _aeng
080 _a347(063) A-92
245 _aAuf dem Weg nach Europa=На пути в Европу :
_bMaterialiensammlung der V. Internationalen Richterkonferenz=Сборник материалов 5-ой Международной Конференции Судей
264 _aСтамбул,
_c2007
300 _a367 p.;
_b24 см.
653 _aსამართალი
653 _aსაერთაშორისო კონფერენცია
942 _cBK
_2udc